000
00229nam a2200109Ia 4500
008
190216s9999||||xx |||||||||||||| ||und||
100
_a
Shukla M.C
245
0
_a
Cost Accounts
260
_b
Null
_c
1977
300
_a
40p
942
_c
BK
999
_c
5077
_d
5077